Digital Photography Complete Course (Record no. 592349)
[ view plain ]
| 000 -LEADER | |
|---|---|
| fixed length control field | 01059nam a22001577a 4500 |
| 003 - CONTROL NUMBER IDENTIFIER | |
| control field | NUST |
| 008 - FIXED-LENGTH DATA ELEMENTS--GENERAL INFORMATION | |
| fixed length control field | 221117b ||||| |||| 00| 0 eng d |
| 020 ## - INTERNATIONAL STANDARD BOOK NUMBER | |
| International Standard Book Number | 978-0-2411-8609-1 |
| 082 ## - DEWEY DECIMAL CLASSIFICATION NUMBER | |
| Classification number | 770, TAY |
| 100 ## - MAIN ENTRY--PERSONAL NAME | |
| Personal name | Taylor, David |
| 9 (RLIN) | 102836 |
| 245 ## - TITLE STATEMENT | |
| Title | Digital Photography Complete Course |
| Statement of responsibility, etc. | David Taylor, Tracy Hallet Paul Lowe, Paul Sanders |
| 260 ## - PUBLICATION, DISTRIBUTION, ETC. | |
| Place of publication, distribution, etc. | China |
| Name of publisher, distributor, etc. | DK |
| Date of publication, distribution, etc. | 2015 |
| 300 ## - PHYSICAL DESCRIPTION | |
| Extent | 360: pages |
| 505 ## - FORMATTED CONTENTS NOTE | |
| Formatted contents note | Making Your First Photos (Page-25), Focusing (Page-41), Using Shooting Modes (Page-57), Getting the Right Exposure (Page-73), Achieving the Right Contrast (Page-89), Using Depth of Field (Page-105), Lenses (Page-121), Wide-Angle Lenses (Page-137), Telephoto Lenses (Page-153), Taking Close-Up Photo (Page-169), Conveying Movement (Page-185), How to Compose (Page-201), Compose Like an Expert (Page-217), Lessons in Colour (Page-233), The Colour of Light (Page-249), using Natural Light (Page- 265), Working with Flash (Page-281), Working in Low Light (Page-297), Black and White (Page-323), Working om a Project (Page-329). |
| 942 ## - ADDED ENTRY ELEMENTS (KOHA) | |
| Source of classification or shelving scheme | |
| Koha item type | Book |
| Withdrawn status | Lost status | Source of classification or shelving scheme | Damaged status | Not for loan | Permanent Location | Current Location | Shelving location | Date acquired | Full call number | Barcode | Date last seen | Price effective from | Koha item type | Public note |
|---|---|---|---|---|---|---|---|---|---|---|---|---|---|---|
| Military College of Signals (MCS) | Military College of Signals (MCS) | Reference | 11/17/2022 | 770,TAY | MCS38080 | 11/17/2022 | 11/17/2022 | Reference | Almirah No.24, Shelf No.6 |
